Investigation of the relative DNA content in stem root primordia of the poplar in the course of a year

Bibliographic Details
Main Author: Kubica, Štefan, 1945-1994 (Author)
Format: Article
Language:Slovak
PhysicalDescription:Diagr. 1. Res. rus., angl.
Subjects:

MARC

LEADER 00000nab a2200000 a 4500
001 vtls000073855
003 SK-MaSNL
005 20260304062603.0
008 250422c1980 xo 0 slo
015 |a SNBRB19rr/mm-uuuuu 
035 |a CL0083956 
035 |a urn:nbn:sk:snk-abb9dq 
035 |a (urnnbn)urn:nbn:sk:snk:ar-000rf5 
035 |a (uuid)dfa1938e-e44a-4f0d-93d4-73e223e1dc42 
040 |a SNKBUCL  |b slo  |c SNKBUCL  |e AACR2 
041 0 |a slo 
044 |a xo  |c SK 
080 |a 581.1  |2 1981 
080 |a 5777  |2 1981 
100 1 |a Kubica, Štefan,  |d 1945-1994  |4 aut  |9 56529 
245 1 0 |a Investigation of the relative DNA content in stem root primordia of the poplar in the course of a year  |c Štefan Kubica 
300 |b Diagr. 1. Res. rus., angl. 
650 0 7 |a kyselina dezoxyribonukleová  |2 snkbucl  |9 1137445 
650 0 7 |a korene rastlín  |2 snkbucl  |9 42186 
655 7 |a články z novín a časopisov  |2 snkbucl  |9 267496 
773 0 |t Biológia  |g Roč. 35, č. 10 (1980), s. 711-716 
850 |a Slovenská národná knižnica 
852 |a Slovenská národná knižnica 
954 |a odborná, vedecká literatúra pôvodná (slovenská)  |2 lita 
958 |a article15 
958 |a RK 
958 |a MI 
958 |a OND 
958 |a EUIPO 
992 |a RBX 
999 |c 2738897  |d 2740827